Loading...
Science - Other Science | 3 | 3 | 1 | 1 | 70 | 61 | 93.17 | 2 | 4 |
Fine Arts - Classical Music and Opera | 0 | 3 | 0 | 0 | 30 | 113 | 125.00 | 0 | 1 |
Social Science | 0 | 3 | 1 | 0 | 25 | 62 | 76.67 | 0 | 3 |
History - European History | 0 | 2 | 0 | 0 | 20 | 117 | 120.00 | 0 | 0 |
Science - Chemistry | 0 | 2 | 1 | 1 | 15 | 127 | 131.50 | 0 | 0 |
Philosophy | 0 | 2 | 1 | 1 | 15 | 124 | 139.50 | 0 | 0 |
Literature - World Literature | 0 | 1 | 0 | 0 | 10 | 143 | 143.00 | 0 | 0 |
Science - Earth Science | 0 | 1 | 0 | 0 | 10 | 130 | 130.00 | 0 | 0 |
Science - Astronomy | 0 | 1 | 0 | 1 | 10 | 148 | 148.00 | 0 | 0 |
Science - Physics | 0 | 1 | 0 | 0 | 10 | 72 | 72.00 | 0 | 1 |
History - US History | 0 | 1 | 0 | 0 | 10 | 148 | 148.00 | 0 | 0 |
History - World History | 0 | 1 | 0 | 0 | 10 | 145 | 145.00 | 0 | 0 |
Literature - American Literature | 0 | 1 | 0 | 0 | 10 | 130 | 130.00 | 0 | 0 |
Literature - European Literature | 0 | 1 | 0 | 0 | 10 | 162 | 162.00 | 0 | 0 |
Beliefs | 0 | 0 | 0 | 0 | 0 | 0.00 | 0 | 0 | |
Science - Biology | 0 | 1 | 2 | 0 | 0 | 124 | 124.00 | 0 | 0 |
Modern World | 0 | 0 | 1 | 0 | -5 | 0.00 | 0 | 0 | |
Fine Arts - Visual Fine Arts | 0 | 0 | 1 | 0 | -5 | 0.00 | 0 | 0 | |
Fine Arts - Other Fine Arts | 0 | 0 | 1 | 0 | -5 | 0.00 | 0 | 0 | |
Other Academic | 0 | 0 | 3 | 0 | -15 | 0.00 | 0 | 0 |